Супрамолекулярные каталитические системы на основе циклодекстринов в Вакер-окислении; Нефтехимия; Т. 43, № 4

গ্রন্থ-পঞ্জীর বিবরন
Parent link:Нефтехимия: научный журнал/ Российская академия наук (РАН).— , 1963-.— 0028-2421
Т. 43, № 4.— 2003.— С. 302-307
অন্যান্য লেখক: Караханов Э. А., Жучкова А. Я., Филлипова Т. Ю., Максимов А. Л.
ভাষা:রুশ
প্রকাশিত: 2003
বিষয়গুলি:
বিন্যাস: গ্রন্থের অধ্যায়
KOHA link:https://koha.lib.tpu.ru/cgi-bin/koha/opac-detail.pl?biblionumber=387964

MARC

LEADER 00000naa2a2200000 4500
001 387964
005 20231101063658.0
035 |a (RuTPU)RU\TPU\prd\18343 
090 |a 387964 
100 |a 20031013a2003 k y0rusy50 ca 
101 0 |a rus 
102 |a RU 
200 1 |a Супрамолекулярные каталитические системы на основе циклодекстринов в Вакер-окислении  |f Э. А. Караханов, А. Я. Жучкова, Т. Ю. Филлипова, А. Л. Максимов 
320 |a Библиогр.: 18 назв. 
461 1 |0 (RuTPU)RU\TPU\prd\1600  |x 0028-2421  |t Нефтехимия  |o научный журнал  |f Российская академия наук (РАН)  |d 1963- 
463 1 |0 (RuTPU)RU\TPU\prd\18083  |t Т. 43, № 4  |v С. 302-307  |d 2003 
610 1 |a Вакер-окисление 
610 1 |a циклодекстрины 
610 1 |a каталитические системы 
610 1 |a эксперимент 
701 1 |a Караханов  |b Э. А. 
701 1 |a Жучкова  |b А. Я. 
701 1 |a Филлипова  |b Т. Ю. 
701 1 |a Максимов  |b А. Л. 
801 1 |a RU  |b 63413507  |c 20031013  |g PSBO 
801 2 |a RU  |b 63413507  |c 20150604  |g PSBO 
942 |c BK